White dwarfs (Record no. 11695)

MARC details
000 -LEADER
fixed length control field 00715nam a2200193Ia 4500
003 - CONTROL NUMBER IDENTIFIER
control field IN-BaIIA
008 - FIXED-LENGTH DATA ELEMENTS--GENERAL INFORMATION
fixed length control field 211028s9999 xx 000 0 eng d
020 ## - INTERNATIONAL STANDARD BOOK NUMBER
International Standard Book Number 3-540-59157-5
040 ## - CATALOGING SOURCE
Transcribing agency IIA Library
080 ## - UNIVERSAL DECIMAL CLASSIFICATION NUMBER
Universal Decimal Classification number 524.31.084
Item number WHI
111 ## - MAIN ENTRY--MEETING NAME
Meeting name or jurisdiction name as entry element European Workshop on White Dwarfs
Number of part/section/meeting 9th
Location of meeting Kiel
Date of meeting or treaty signing 1994 Aug 29-Sep 1
9 (RLIN) 20228
245 #0 - TITLE STATEMENT
Title White dwarfs
Remainder of title proceedings of the 9th European Workshop on white dwarfs, held in Kiel, Germany, 29 Augusst - 1 Sept.ember, 1994
Statement of responsibility, etc. edited by Detlev Koester and Klaus Werner
260 ## - PUBLICATION, DISTRIBUTION, ETC.
Place of publication, distribution, etc. Berlin
Name of publisher, distributor, etc. Springer-Verlag
Date of publication, distribution, etc. 1995
300 ## - PHYSICAL DESCRIPTION
Extent [various pagings.]
650 ## - SUBJECT ADDED ENTRY--TOPICAL TERM
Topical term or geographic name entry element White dwarfs
9 (RLIN) 6553
700 ## - ADDED ENTRY--PERSONAL NAME
Personal name Koester, Detlev., ed.
9 (RLIN) 20229
700 ## - ADDED ENTRY--PERSONAL NAME
Personal name Werner, Klaus., ed.
9 (RLIN) 20230
942 ## - ADDED ENTRY ELEMENTS (KOHA)
Koha item type Books
Holdings
Withdrawn status Lost status Damaged status Not for loan Home library Current library Shelving location Date acquired Source of acquisition Cost, normal purchase price Total Checkouts Full call number Barcode Date last seen Cost, replacement price Price effective from Koha item type Purchase Price
        IIA Library-Bangalore IIA Library-Bangalore General Stacks 11/03/1996 WP 2734.80   524.31.084/ WHI 12610 05/11/2021 2734.80 11/03/1996 Books Rs. 2734.80

Powered by Koha